Memoria que el Contra Almirante D. Patricio Lynch Jeneral en Jefe del Ejército de Operaciones en el Norte del Perú, presenta al Supremo Gobierno de Chile
I tiakina i:
| Kaituhi matua: | |
|---|---|
| Hōputu: | Pukapuka |
| Reo: | Pāniora |
| I whakaputaina: |
Lima
Imprenta calle 7
1882
|
| Ngā marau: | |
| Ngā Tūtohu: |
Tāpirihia he Tūtohu
Kāore He Tūtohu, Me noho koe te mea tuatahi ki te tūtohu i tēnei pūkete!
|
MARC
| LEADER | 00000nam a2200000 a 4500 | ||
|---|---|---|---|
| 001 | UCH2810 | ||
| 003 | CL-VaPUC | ||
| 005 | 20210610135048.0 | ||
| 008 | 090702e18820000PE |||||||||||||||||spa|d | ||
| 999 | |c 334502 |d 334500 | ||
| 040 | |c Pontificia Universidad Católica de Valparaíso | ||
| 082 | 0 | 4 | |a 983 |b LYN |2 21 |
| 100 | |a Lynch, Patricio |e autor |9 861354 | ||
| 245 | 1 | 0 | |a Memoria que el Contra Almirante D. Patricio Lynch Jeneral en Jefe del Ejército de Operaciones en el Norte del Perú, presenta al Supremo Gobierno de Chile |
| 260 | |a Lima |b Imprenta calle 7 |c 1882 | ||
| 300 | |a 253 p | ||
| 583 | |a last modification |c 20140701 11:13:06 |k Rodrigo Vera | ||
| 650 | 0 | |a Historia de Chile |9 265473 | |
| 651 | 7 | |a CHILE |2 CL-VaPUC |9 537877 | |
| 942 | |c BK |2 ddc | ||
| 945 | |d 20090702 00:00:00 |a rbrito | ||
| 952 | |0 0 |1 0 |4 0 |6 983_000000000000000_LYN_1882 |7 0 |8 X |9 423581 |a FDOBUD |b FDOBUD |d 2019-11-22 |i 4568117 |o 983 LYN 1882 |p 4568117 |r 2019-11-22 |w 2019-11-22 |y BK_X |k BUD | ||